| 000 | 00976nam a2200277 4500 | ||
|---|---|---|---|
| 003 | OSt | ||
| 005 | 20260530115315.0 | ||
| 008 | 260505b2002 cc |a||| |||| 00| 0 eng d | ||
| 040 |
_aICI _bspa _cICI |
||
| 041 | _aeng | ||
| 050 |
_aNK1412.G73 _bI68 |
||
| 100 | 1 |
_aIovine, Julie V., _eautor _933478 |
|
| 245 | 1 | 0 |
_aMichael Graves / _cby Julie Iovine ; edited by Marisa Bartolucci + Raul Cabra |
| 264 | 1 |
_aSan Francisco : _bChronicle Books, _cc2002 |
|
| 300 |
_a96 páginas : _bhojas (algunas a color) |
||
| 336 |
_2rdacontent _atexto |
||
| 337 |
_2rdamedia _asin medio |
||
| 338 |
_2rdacarrier _avolumen |
||
| 490 | 0 | _aCompact design portfolio | |
| 600 | 1 | 0 |
_aGraves, Michael, _d1934-2015 _933479 |
| 650 | 0 |
_aDiseñadores _vBiografía _zEstados Unidos _933480 |
|
| 650 | 0 |
_aArtes decorativas diseñadas por arquitectos _xHistoria _ySiglo XX _zEstados Unidos _933481 |
|
| 700 | 1 |
_aBartolucci, Marisa, _eeditor _933482 |
|
| 700 | 1 |
_aCabra, Raul, _eeditor _933483 |
|
| 942 |
_2lcc _n1 _cBK |
||
| 999 |
_c13547 _d13547 |
||